All Liga Portugal Winners - Statistics

General Stats
  • This quiz has been taken 132 times
  • The average score is 90 of 91
Answer Stats
Hint Answer % Correct
2022-2023 Benfica
100%
2018-2019 Benfica
100%
2016-2017 Benfica
100%
2015-2016 Benfica
100%
2014-2015 Benfica
100%
2013-2014 Benfica
100%
2009-2010 Benfica
100%
2004-2005 Benfica
100%
1993-1994 Benfica
100%
1990-1991 Benfica
100%
1988-1989 Benfica
100%
1986-1987 Benfica
100%
1983-1984 Benfica
100%
1982-1983 Benfica
100%
1980-1981 Benfica
100%
1976-1977 Benfica
100%
1975-1976 Benfica
100%
1974-1975 Benfica
100%
1972-1973 Benfica
100%
1971-1972 Benfica
100%
1970-1971 Benfica
100%
1968-1969 Benfica
100%
1967-1968 Benfica
100%
1966-1967 Benfica
100%
1964-1965 Benfica
100%
1963-1964 Benfica
100%
1962-1963 Benfica
100%
1960-1961 Benfica
100%
1959-1960 Benfica
100%
1956-1957 Benfica
100%
1954-1955 Benfica
100%
1949-1950 Benfica
100%
1944-1945 Benfica
100%
1942-1943 Benfica
100%
1941-1942 Benfica
100%
1937-1938 Benfica
100%
1936-1937 Benfica
100%
1935-1936 Benfica
100%
2021-2022 Porto
100%
2019-2020 Porto
100%
2017-2018 Porto
100%
2012-2013 Porto
100%
2011-2012 Porto
100%
2010-2011 Porto
100%
2008-2009 Porto
100%
2007-2008 Porto
100%
2006-2007 Porto
100%
2005-2006 Porto
100%
2003-2004 Porto
100%
2002-2003 Porto
100%
1998-1999 Porto
100%
1997-1998 Porto
100%
1996-1997 Porto
100%
1995-1996 Porto
100%
1994-1995 Porto
100%
1992-1993 Porto
100%
1991-1992 Porto
100%
1989-1990 Porto
100%
1987-1988 Porto
100%
1985-1986 Porto
100%
1984-1985 Porto
100%
1978-1979 Porto
100%
1977-1978 Porto
100%
1958-1959 Porto
100%
1955-1956 Porto
100%
1939-1940 Porto
100%
1938-1939 Porto
100%
1934-1935 Porto
100%
2024-2025 Sporting
99%
2023-2024 Sporting
99%
2020-2021 Sporting
99%
2001-2002 Sporting
99%
1999-2000 Sporting
99%
1981-1982 Sporting
99%
1979-1980 Sporting
99%
1973-1974 Sporting
99%
1969-1970 Sporting
99%
1965-1966 Sporting
99%
1961-1962 Sporting
99%
1957-1958 Sporting
99%
1953-1954 Sporting
99%
1952-1953 Sporting
99%
1951-1952 Sporting
99%
1950-1951 Sporting
99%
1948-1949 Sporting
99%
1947-1948 Sporting
99%
1946-1947 Sporting
99%
1943-1944 Sporting
99%
1940-1941 Sporting
99%
2000-2001 Boavista
68%
1945-1946 Belenenses
52%
No matching quizzes found
Score Distribution
Percent of People with Each Score
Percentile by Number Answered
Your Score History
You have not taken this quiz